000 00515nam a2200181Ia 4500
008 090124s9999 xx 000 0 und d
082 _b120433
100 _aव्हटकर अशोक
245 _a अजिंक्य आंबी
250 _a1
260 _c1984
300 _a176+4
600 _aव्हटकर अशोक
630 _a अजिंक्य आंबी
700 _aव्हटकर अशोक
730 _a अजिंक्य आंबी
942 _cBOOK
999 _c166519
_d166519